Joining Europe's monetary club : the challenges for smaller member states /

"The often complex topic of economic unification in Europe is tackled in this new coedited volume. Focusing particularly on the issues facing smaller countries on the continent, Joining Europe's Monetary Club provides unique insights into the impact that European monetary union (EMU) has h...

全面介绍

Saved in:
书目详细资料
其他作者: Jones, Erik, Frieden, Jeffry A., Torres, Francisco S.
格式: 图书
语言:English
出版: New York : St. Martin's Press, c1998.
版:1st ed.
主题:
标签: 添加标签
没有标签, 成为第一个标记此记录!
LEADER 02586pam a2200313 a 4500
001 007785132-3
005 20020606104010.5
008 971021s1998 nyua b 001 0 eng
010 |a  97032954  
020 |a 0312173628 
035 0 |a ocm37854207 
040 |a DLC  |c DLC  |d DLC 
043 |a e------ 
050 0 0 |a HG925  |b .J65 1998 
082 0 0 |a 332.4/566/094  |2 21 
245 0 0 |a Joining Europe's monetary club :  |b the challenges for smaller member states /  |c edited by Erik Jones, Jeffry Frieden, Francisco Torres. 
250 |a 1st ed. 
260 |a New York :  |b St. Martin's Press,  |c c1998. 
300 |a xi, 258 p. :  |b ill. ;  |c 22 cm. 
504 |a Includes bibliographical references (p. [237]-253) and index. 
505 0 0 |t EMU and the smaller member states /  |r Erik Jones, Jeffry Frieden, and Francisco Torres --  |t Austria /  |r Heinz Handler and Eduard Hochreiter --  |t Belgium : keeping up with the pack? /  |r Erik Jones --  |t Denmark : from external to internal adjustment /  |r Torben Iversen and Niels Thygesen --  |t Finland and EMU /  |r Jonathon W. Moses --  |t Greece and EMU /  |r Miranda Xafa --  |t Political economy of EMU in Ireland /  |r Ella Kavanagh ... [et al.] --  |t Netherlands : top of the class /  |r Erik Jones --  |t Portugal toward EMU : a political economy perspective /  |r Francisco Torres --  |t Sweden and EMU /  |r Jonathon W. Moses --  |t Political economy of EMU : a small country perspective /  |r Erik Jones, Jeffry Frieden, and Francisco Torres. 
520 1 |a "The often complex topic of economic unification in Europe is tackled in this new coedited volume. Focusing particularly on the issues facing smaller countries on the continent, Joining Europe's Monetary Club provides unique insights into the impact that European monetary union (EMU) has had on each country's national agenda. The collection offers a detailed analysis of preparations for EMU membership in nine countries and reveals the importance of monetary mergence as a policy instrument at the national level. Together the essays show how the success of EMU depends as much upon how well it serves national objectives as upon how much it benefits the whole of Europe. Given the wide diversity of institutions across member states, Joining Europe's Monetary Club is essential reading for anyone interested in knowing whether EMU will happen, and, if so, how successful it will be."--Jacket. 
650 0 |a Monetary unions  |z European Union countries. 
650 0 |a Monetary policy  |z European Union countries. 
700 1 |a Jones, Erik 
700 1 |a Frieden, Jeffry A. 
700 1 |a Torres, Francisco S. 
988 |a 20020608 
906 |0 DLC